<?xml version="1.0" encoding="UTF-8"?>
<record
    xmlns:xsi="http://www.w3.org/2001/XMLSchema-instance"
    xsi:schemaLocation="http://www.loc.gov/MARC21/slim http://www.loc.gov/standards/marcxml/schema/MARC21slim.xsd"
    xmlns="http://www.loc.gov/MARC21/slim">

  <leader>01340nam a22002777a 4500</leader>
  <controlfield tag="003">NALT</controlfield>
  <controlfield tag="005">20250404142913.0</controlfield>
  <controlfield tag="008">231027b        th ||||| |||| 00| 0 tha d</controlfield>
  <datafield tag="020" ind1=" " ind2=" ">
    <subfield code="a">9747092093</subfield>
  </datafield>
  <datafield tag="040" ind1=" " ind2=" ">
    <subfield code="a">NALT</subfield>
  </datafield>
  <datafield tag="050" ind1=" " ind2=" ">
    <subfield code="a">BQ 4570.L5 </subfield>
    <subfield code="b">&#xE2A;245&#xE01; 2562</subfield>
  </datafield>
  <datafield tag="100" ind1="0" ind2=" ">
    <subfield code="a">&#xE2A;&#xE21;&#xE40;&#xE14;&#xE47;&#xE08;&#xE1E;&#xE23;&#xE30;&#xE1E;&#xE38;&#xE17;&#xE18;&#xE42;&#xE06;&#xE29;&#xE32;&#xE08;&#xE32;&#xE23;&#xE22;&#xE4C; (&#xE1B;.&#xE2D;. &#xE1B;&#xE22;&#xE38;&#xE15;&#xE3A;&#xE42;&#xE15;)</subfield>
    <subfield code="9">29109</subfield>
  </datafield>
  <datafield tag="245" ind1="1" ind2="0">
    <subfield code="a">&#xE01;&#xE32;&#xE23;&#xE1E;&#xE31;&#xE12;&#xE19;&#xE32;&#xE17;&#xE35;&#xE48;&#xE22;&#xE31;&#xE48;&#xE07;&#xE22;&#xE37;&#xE19; =</subfield>
    <subfield code="b">Sustainable development /</subfield>
    <subfield code="c">&#xE2A;&#xE21;&#xE40;&#xE14;&#xE47;&#xE08;&#xE1E;&#xE23;&#xE30;&#xE1E;&#xE38;&#xE17;&#xE18;&#xE42;&#xE06;&#xE29;&#xE32;&#xE08;&#xE32;&#xE23;&#xE22;&#xE4C; (&#xE1B;.&#xE2D;. &#xE1B;&#xE22;&#xE38;&#xE15;&#xE3A;&#xE42;&#xE15;).</subfield>
  </datafield>
  <datafield tag="250" ind1=" " ind2=" ">
    <subfield code="a">&#xE1E;&#xE34;&#xE21;&#xE1E;&#xE4C;&#xE04;&#xE23;&#xE31;&#xE49;&#xE07;&#xE17;&#xE35;&#xE48; 22.</subfield>
  </datafield>
  <datafield tag="260" ind1=" " ind2=" ">
    <subfield code="a">&#xE01;&#xE23;&#xE38;&#xE07;&#xE40;&#xE17;&#xE1E;&#xE2F; :</subfield>
    <subfield code="b">&#xE1C;&#xE25;&#xE34;&#xE18;&#xE31;&#xE21;&#xE21;&#xE4C;,</subfield>
    <subfield code="c">2562.</subfield>
  </datafield>
  <datafield tag="300" ind1=" " ind2=" ">
    <subfield code="a">314 &#xE2B;&#xE19;&#xE49;&#xE32; ;</subfield>
    <subfield code="c">21 &#xE0B;&#xE21;.</subfield>
  </datafield>
  <datafield tag="650" ind1=" " ind2="4">
    <subfield code="9">16316</subfield>
    <subfield code="a">&#xE01;&#xE32;&#xE23;&#xE1E;&#xE31;&#xE12;&#xE19;&#xE32;&#xE41;&#xE1A;&#xE1A;&#xE22;&#xE31;&#xE48;&#xE07;&#xE22;&#xE37;&#xE19;</subfield>
  </datafield>
  <datafield tag="650" ind1=" " ind2="4">
    <subfield code="9">25072</subfield>
    <subfield code="a">&#xE1E;&#xE38;&#xE17;&#xE18;&#xE28;&#xE32;&#xE2A;&#xE19;&#xE32;&#xE01;&#xE31;&#xE1A;&#xE0A;&#xE35;&#xE27;&#xE34;&#xE15;&#xE1B;&#xE23;&#xE30;&#xE08;&#xE33;&#xE27;&#xE31;&#xE19;</subfield>
  </datafield>
  <datafield tag="650" ind1=" " ind2="4">
    <subfield code="9">16321</subfield>
    <subfield code="a">&#xE01;&#xE32;&#xE23;&#xE1E;&#xE31;&#xE12;&#xE19;&#xE32;&#xE15;&#xE19;&#xE40;&#xE2D;&#xE07;</subfield>
    <subfield code="x">&#xE41;&#xE07;&#xE48;&#xE28;&#xE32;&#xE2A;&#xE19;&#xE32;</subfield>
    <subfield code="x">&#xE1E;&#xE38;&#xE17;&#xE18;&#xE28;&#xE32;&#xE2A;&#xE19;&#xE32;</subfield>
  </datafield>
  <datafield tag="850" ind1=" " ind2=" ">
    <subfield code="a">NALT</subfield>
  </datafield>
  <datafield tag="942" ind1=" " ind2=" ">
    <subfield code="c">GB</subfield>
    <subfield code="2">lcc</subfield>
  </datafield>
  <datafield tag="996" ind1=" " ind2=" ">
    <subfield code="a">chunbijaya.r</subfield>
    <subfield code="b">CATSTF	</subfield>
    <subfield code="c">2023-10-27</subfield>
  </datafield>
  <datafield tag="996" ind1=" " ind2=" ">
    <subfield code="a">saiphon.d</subfield>
    <subfield code="b">CATSTF	</subfield>
    <subfield code="c">2023-11-14</subfield>
  </datafield>
  <datafield tag="999" ind1=" " ind2=" ">
    <subfield code="c">103764</subfield>
    <subfield code="d">103764</subfield>
  </datafield>
  <datafield tag="998" ind1=" " ind2=" ">
    <subfield code="j">8</subfield>
    <subfield code="k"> &#xE19;&#xE32;&#xE22;&#xE1A;&#xE31;&#xE13;&#xE11;&#xE34;&#xE15;  &#xE2D;&#xE38;&#xE17;&#xE32;&#xE27;&#xE07;&#xE04;&#xE4C;</subfield>
  </datafield>
  <datafield tag="952" ind1=" " ind2=" ">
    <subfield code="0">0</subfield>
    <subfield code="1">0</subfield>
    <subfield code="2">lcc</subfield>
    <subfield code="4">0</subfield>
    <subfield code="7">0</subfield>
    <subfield code="8">CGBL</subfield>
    <subfield code="a">NALT</subfield>
    <subfield code="b">NALT</subfield>
    <subfield code="c">GEN</subfield>
    <subfield code="d">2023-10-27</subfield>
    <subfield code="l">3</subfield>
    <subfield code="m">3</subfield>
    <subfield code="o">BQ 4570.L5 &#xE2A;245&#xE01; 2562</subfield>
    <subfield code="p">3961223872</subfield>
    <subfield code="r">2025-04-18 00:00:00</subfield>
    <subfield code="s">2025-04-04</subfield>
    <subfield code="w">2023-10-27</subfield>
    <subfield code="y">GB</subfield>
  </datafield>
</record>
